Field Marshals of the German Wehrmacht - Statistics

General Stats
  • This quiz has been taken 17 times
  • The average score is 14 of 28
Answer Stats
Appointed Answer % Correct
1942 Erwin Rommel
100%
1938 Hermann Göring
85%
1943 Karl Dönitz
77%
1940 Albert Kesselring
69%
1942 Erich von Manstein
69%
1943 Friedrich Paulus
69%
1944 Walter Model
69%
1940 Wilhelm Ritter von Leeb
69%
1939 Erich Raeder
62%
1940 Wilhelm Keitel
62%
1940 Fedor von Bock
54%
1940 Gerd von Rundstedt
54%
1940 Erhard Milch
46%
1943 Ewald von Kleist
46%
1940 Wilhelm List
46%
1943 Wolfram Freiherr von Richthofen
46%
1940 Günther von Kluge
38%
1940 Hugo Sperrle
38%
1943 Maximilian Reichsfreiherr von Weichs
38%
1940 Walter von Reichenau
38%
1940 Walther von Brauchitsch
38%
1936 Werner von Blomberg
38%
1940 Eduard Freiherr von Böhm-Ermolli
31%
1945 Ferdinand Schörner
31%
1942 Georg von Küchler
31%
1945 Robert Ritter von Greim
31%
1943 Ernst Busch
23%
1940 Erwin von Witzleben
15%
No matching quizzes found
Score Distribution
Percent of People with Each Score
Percentile by Number Answered
Your Score History
You have not taken this quiz